| 000 | 01200nam a22002657a 4500 | ||
|---|---|---|---|
| 003 | PE SENCICO BE | ||
| 005 | 20251020182709.0 | ||
| 008 | 241213b |||||||| |||| 00| 0 eng d | ||
| 020 | _a978-607-17-1539-5 | ||
| 040 |
_aPE SENCICO BE _cPE SENCICO BE |
||
| 041 | _aspa | ||
| 082 |
_a658.4092 _bO94 |
||
| 100 | 1 |
_92759 _aOwen, Jo _eautor |
|
| 245 | 1 |
_aCómo ser líder / _cJo Owen |
|
| 250 | _a[1a ed.] | ||
| 260 |
_aMéxico D. F. ; _bTrillas ; _c2013 |
||
| 300 |
_a312 p. : _c23 cm. |
||
| 505 | 0 | _aLos fundamentos del liderazgo -- La práctica del liderazgo -- El dominio del liderazgo -- El viaje del liderazgo | |
| 520 | 3 | _aAbarca todos los temas que los lideres deben dominar, incluyendo la conducción del desempeño, la administración del tiempo, la fijación y el control de presupuesto, el afrontar las crisis y la delegación de funciones. Además, explora el modo en que el liderazgo varía entre los sectores público, privado y de voluntariado, pero sobre todo, muestra como manejar su carrera de liderazgo. | |
| 650 | 1 | 0 |
_9931 _aLiderazgo |
| 650 | 2 | 0 |
_92757 _aEmprendimiento |
| 650 | 2 | 0 |
_91496 _aAutorrealización (Psicología) |
| 910 |
_ahfp _bhfp _chfp |
||
| 942 |
_2ddc _cLIB |
||
| 999 |
_c5025 _d5025 |
||